Szczegóły MARC21

Semantik : eine Einführung in die sprachwissenschaftliche Bedeutungslehre /

003 -Nazwa inst., której nr kontr. jest w polu 001 [,]
    • @
    • Nazwa instytucji, której n kontrolny jest w polu 001
    • NUKAT
005 -DATA I CZAS OSTATNIEJ MODYFIKACJI [,]
    • @
    • pole kontrolne
    • 20250624083712.0
020 -Międzynarod. znormalizowany nr książki - ISBN [ , ]
    • a
    • Numer ISBN
    • 3770511816 Find
040 -Instytucja sporządzająca opis [ , ]
    • a
    • Instytucja, która sporządziła opis (NP)
    • NUKAT
    • c
    • Instytucja, która sporządziła rekord (NP)
    • POZN U/JMJ
    • d
    • Instytucja, która zmodyfikowała rekord (P)
    • POZN U/RD
    • d
    • Instytucja, która zmodyfikowała rekord (P)
    • KR U/47DB
    • d
    • Instytucja, która zmodyfikowała rekord (P)
    • KR 295/BWs
942 -Rodzaj dokumentu [ , ]
    • c
    • Rodzaj dokumentu
    • Książka
100 -Hasło główne - nazwa osobowa [1, ]
    • a
    • Nazwa osobowa (NP)
    • Brekle, Herbert Ernst
    • d
    • Daty biograficzne (NP)
    • (1935-2018).
    • 9
    • KHW
    • 230877
245 -Strefa tytułu i oznaczenia odpowiedzialności [1,0]
    • a
    • Tytuł
    • Semantik : Find
    • b
    • Ciąg dalszy tytułu (NP)
    • eine Einführung in die sprachwissenschaftliche Bedeutungslehre / Find
    • c
    • Pozostałe elementy strefy tytułu i oznaczenia odpowiedzialności (NP)
    • Herbert E. Brekle.
250 -Strefa wydania [ , ]
    • a
    • Oznaczenie wydania (NP)
    • 2., verb. Aufl.
260 -Strefa adresu wydawniczego [ , ]
    • a
    • Miejsce wydania (P)
    • München :
    • b
    • Nazwa wydawcy (P)
    • W. Fink,
    • c
    • Data wydania (P)
    • cop. 1972.
300 -Strefa opisu fizycznego [ , ]
    • a
    • Określenie formy książki i/lub objętość (NP)
    • 144 s. :
    • b
    • Oznaczenie ilustracji (NP)
    • il. ;
    • c
    • Format (NP)
    • 19 cm.
336 -Typ zawartości [ , ]
    • a
    • Termin opisujący typ zawartości
    • Tekst
    • b
    • Kod określający zawartość
    • txt
    • 2
    • Źródło (terminu i kodu)
    • rdacontent
337 -Typ mediów [ , ]
    • a
    • Tryb odtwarzania
    • Bez urządzenia pośredniczącego
    • b
    • Kod typu mediów
    • n
    • 2
    • Źródło (terminu i kodu)
    • rdamedia
338 -Typ/rodzaj nośnika [ , ]
    • a
    • Hasło opisujące typ nośnika
    • Wolumin
    • b
    • Kod typu nośnika
    • nc
    • 2
    • Źródło (terminu i kodu)
    • rdacarrier
490 -Strefa serii i książki wielotomowej - forma nie do wyszukiwania [1, ]
    • a
    • Tytuł (P)
    • Uni-Taschenbücher. Linguistik ; Find
    • v
    • Numeracja (P)
    • 102
830 -Hasło dodatkowe serii i opisu książki wielotomowej - tytuł ujednolicony/tytuł [ ,0]
    • a
    • Tytuł ujednolicony/tytuł (NP)
    • UTB Uni-Taschenbücher
    • x
    • ISSN
    • 0340-7225
    • v
    • Oznaczenie tomu (NP)
    • 102
    • 9
    • KHW
    • 15685
504 -Uwaga dot. bibliogr. załącznikowej [ , ]
    • a
    • Uwaga dot. bibliografii załącznikowej
    • Bibliogr. s. 136-139. Indeks.
080 -Uniwersalna Klasyfikacja Dziesiętna [ , ]
    • a
    • Symbol klasyfikacji
    • 801-54=30
080 -Uniwersalna Klasyfikacja Dziesiętna [ , ]
    • a
    • Symbol klasyfikacji
    • :803.0-54=30
650 -Hasło przedmiotowe [ ,7]
    • a
    • Hasło przedmiotowe
    • Semantyka.
    • 2
    • Źródło terminu
    • kaba
    • 9
    • KHW
    • 129944
980 -Symbol UKD [ , ]
    • a
    • UKD
    • 801-54:803.0-54]=30
920 -ISBN [ , ]
    • a
    • ISBN
    • 3-7705-1181-6 Find
Status udost. Numer inwentarzowy Data inwentaryzacji Lokalizacja Sygnatura
1G.134231998-08-26BMGERM. Semantyka 03